000 01445nam a2200253 4500
040 _cNSHS
082 _a297.382
_bHAS
100 1 _aHāshmī, Ḥaẓrat Mawlānā Muḥammad Nawāz Shāh.
_9130143
245 1 _aZikr-e-Ḥaqq /
_cMuʾallif Pīr-i Ṭarīqat Ḥaẓrat Mawlānā Muḥammad Nawāz Shāh Hāshmī.
246 _aZikr-i-Haqq
246 _aZikr-e-Haqq
246 _aZikr-i-Haq
260 _aMānsihrā:
_bIdārah Ishāʿat-i Ḥaqq,
_c2011.
300 _a317 pages.
500 _aDC010725
500 _aReligion
520 _aZikr-i-Ḥaqq" (ذِکرِ حق), meaning "Remembrance of the Truth", is a spiritually reflective and religious work that centers on the core truths of Islam. The book emphasizes the importance of remembering Allah (Dhikr), understanding the essence of Tawheed (monotheism), and following the teachings of the Prophet Muhammad (ﷺ) in daily life. Through references from the Qur'an, Hadith, and classical Islamic thought, the author invites readers to purify their hearts, strengthen their faith, and align their actions with divine guidance. It serves as both a reminder and a call to live a life rooted in sincerity, piety, and obedience to the truth of Islam.
546 _aIn Urdu.
650 0 _aDevotional literature
_xIslam
_9129667
650 0 _aMeditation
_xreligion
_xIslam
_9129668
650 0 _aDhikr
_9130144
942 _2ddc
_cBK
999 _c614420
_d614420